Szerszámok és gépek szakboltja

Elmentve itt :
Bibliográfiai részletek
Dokumentumtípus: Cikk
Megjelent: 1986-08-12
Sorozat:Délmagyarország 76 No. 189
Kulcsszavak:ipari cikkek
Online Access:http://dmarchiv.bibl.u-szeged.hu/108901
LEADER 00402nab a2200145 i 4500
001 delm108901
005 20190912134821.0
008 190912s1986 hu o 0|| hun d
040 |a SZTE Délmagyarország Archívum  |b hun 
041 |a hun 
245 0 0 |a Szerszámok és gépek szakboltja  |h [elektronikus dokumentum] 
260 |c 1986-08-12 
300 |a 3 
490 0 |a Délmagyarország  |v 76 No. 189 
695 |a ipari cikkek